000 00654cam a2200181Ka 4500
082 _a523.2
_bBAL
100 1 _aBall, Robert S.
245 1 2 _aA popular guide to the heavens
_ba series of eighty-three plates, with explanatory text & index /
_cby Sir Robert Stawell Ball.
260 _aNew York :
_bD. Van Nostrand,
_c[pref. 1904]
300 _a1 online resource (xii, 96 p., 83 leaves of plates) :
_bill.
500 _aIncludes index.
526 _a0
_b0
_c0
_d523_200000000000000_BAL
650 0 _aAstronomy
650 0 _aMCE
_9379
650 0 _aStars
_939572
856 4 0 _uhttp://catalog.hathitrust.org/api/volumes/oclc/7288708.html
942 _2ddc
_cBK
999 _c552868
_d552868